000 00316nam a2200133 i 4500
001 bg
100 1 _aTHOMPSON, M.
245 0 _aDefects und Radiation Damage in Metals /
_cM. Thompson.
260 _aCambridge,
_c1969.
040 _cBPK
041 _apol
942 _cKS
008 s pl f |000 0 pol
999 _c12057
_d12057
856 _uhttp://koha.tu.koszalin.pl/cgi-bin/koha/opac-detail.pl?biblionumber=12057
_yKatalog online BPK